Nhập môn kinh tế lượng với R : Using R for introductory econometrics Tập 1
Nhập môn kinh tế lượng với R (tập 1) được biên dịch từ quyển Using R For Introductory Econometrics của Florian Heiss. Quyển sách này được giới thiệu về phần mềm R và các chủ đề cơ bản của kinh tế lượng dựa trên quyển Introductory Econometrics...
Uloženo v:
| Hlavní autor: | |
|---|---|
| Médium: | Kniha |
| Jazyk: | Vietnamese |
| Vydáno: |
H.
Thông tin và truyền thông
2018
|
| Témata: | |
| Tagy: |
Přidat tag
Žádné tagy, Buďte první, kdo otaguje tento záznam!
|
| Thư viện lưu trữ: | Thư viện Trường Đại học Nam Cần Thơ |
|---|
| LEADER | 01304nam a22001937a 4500 | ||
|---|---|---|---|
| 001 | NCT_82082 | ||
| 008 | 200617b xxu||||| |||| 00| 0 vie d | ||
| 999 | |c 4035 |d 4035 | ||
| 020 | |a 9786048033989 |c 120000 | ||
| 082 | 0 | 4 | |2 23rd ed. |a 330.01 |b H378 |
| 100 | 1 | |a Heiss, Florian | |
| 245 | 1 | 0 | |a Nhập môn kinh tế lượng với R : |b Using R for introductory econometrics |n Tập 1 |c Florian Heiss; Trường Đại học Kinh tế Tp. Hồ Chí Minh. Khoa Toán - Thống kê. Bộ môn Toán kinh tế (Dịch) |
| 260 | |a H. |b Thông tin và truyền thông |c 2018 | ||
| 300 | |a 251 tr. |b Minh họa |c 27cm | ||
| 520 | 3 | |a Nhập môn kinh tế lượng với R (tập 1) được biên dịch từ quyển Using R For Introductory Econometrics của Florian Heiss. Quyển sách này được giới thiệu về phần mềm R và các chủ đề cơ bản của kinh tế lượng dựa trên quyển Introductory Econometrics của Jeffrey M. Wooldridge. | |
| 653 | |a Quản trị kinh doanh | ||
| 942 | |2 ddc |c BK | ||
| 952 | |0 0 |1 0 |2 ddc |4 0 |6 330_010000000000000_H378 |7 0 |9 19853 |a 000001 |b 000001 |d 2020-06-17 |o 330.01 H378 |p MD.17217 |r 2020-06-17 |v 120000.00 |w 2020-06-17 |y BK | ||
| 980 | |a Thư viện Trường Đại học Nam Cần Thơ | ||


